| 000 | 00873nam a2200229Ii 4500 | ||
|---|---|---|---|
| 003 | JO-AjNU | ||
| 008 | 230605s9999||||xx |||||||||||||| ||und|| | ||
| 017 | _a2009/6/2431 | ||
| 020 | _a978-9957-07-683-2 | ||
| 040 |
_aJO-AjNU _bara _erda _cJO-AjNU |
||
| 041 | _aara | ||
| 050 | 1 | 4 | _aBF698.A4412.2010 |
| 100 | 3 |
_aAlln,Bem.B،كفافي، علاء الدين، النيال،مايسه احمد ، سالم،سهير محمد/ترجمة, _eauthor _942921 |
|
| 245 | 0 | 0 | _aنظريات الشخصية :الارتقاء-النمو-التنوع |
| 250 | _aط1 | ||
| 264 | 3 | 1 | _aعمان:دار الفكر ناشرون وموزعون ،2010 |
| 300 | _a836ص | ||
| 336 |
_atext _btxt _2rdacontent |
||
| 337 |
_aunmediated _bn _2rdamedia |
||
| 338 |
_avolume _bnc _2rdacarrier |
||
| 650 | 4 |
_aالشخصية-سيكولوجية الشخصية-علم نفس الافراد _942922 |
|
| 999 |
_aA18414 _c21982 _d21982 |
||